Microprocessors & Microcontrollers/ (Record no. 207378)

MARC details
000 -LEADER
fixed length control field 00619nam a22001937a 4500
005 - DATE AND TIME OF LATEST TRANSACTION
control field 20241203161639.0
010 ## - LCCN (DPL NO)
LC control number ENG-142790
020 ## - INTERNATIONAL STANDARD BOOK NUMBER
International Standard Book Number 9789355326515
Terms of availability 495.00
035 ## - SYSTEM CONTROL NUMBER
System control number EN-126322
037 ## - SOURCE OF ACQUISITION
Source of stock number/acquisition DBAD
082 ## - DEWEY DECIMAL CLASSIFICATION NUMBER
Classification number 004.16
Edition number 1
100 ## - MAIN ENTRY--PERSONAL NAME
Personal name Santanu Chattopadhyay
245 ## - TITLE STATEMENT
Title Microprocessors & Microcontrollers/
Statement of responsibility, etc By Santanu Chattopadhyay
250 ## - EDITION STATEMENT
Edition statement 1
260 ## - PUBLICATION, DISTRIBUTION, ETC. (IMPRINT)
Place of publication, distribution, etc Chennai
Name of publisher, distributor, etc Mc Graw Hill Education (India)
Date of publication, distribution, etc 2022,2024
270 ## - ADDRESS
Address Anjana Complex No: 5/90 A, Butt Road, St Thomas Mount
City Chennai
Postal code 600116
300 ## - PHYSICAL DESCRIPTION
Extent xxii,362p.
Dimensions 25cm(hb)
942 ## - ADDED ENTRY ELEMENTS (KOHA)
Source of classification or shelving scheme Dewey Decimal Classification
Item type English Books
Classification part 004.16
Call number suffix CHA
Edition 1
Holdings
Withdrawn status Lost status Not for loan Collection code Home library Current library Date acquired Source of acquisition Cost, normal purchase price Full call number Barcode Copy number Cost, replacement price Koha item type
      Non-fiction Ashok Vihar Ashok Vihar 03/12/2024 Delivery of Books Act Division 495.00 004.16 CHA EN-126322 1 495.00 English Books

© Delhi Public Library
Hit Counter
free hit counter